000 00766 a2200217 4500
001 62669
005 20260407155920.0
008 260407a1984 arg spa d
003 AR-UNSa-BCEJYS
040 _aAR-UNSa-BCEJYS
_bspa
_cAR-UNSa-BCEJYS
080 _a316.42
_xCambio social en sociedades globales. Desarrollo social. Sociología del desarrollo (Desarrollo Humano)
245 1 0 _aNo se cambia la sociedad por decreto
_p(On ne change pas la société par décret)
020 _a978-84-7351-171-1
264 1 _aMadrid :
_bInstituto Nacional de Administración Pública (INAP)
_c1984
300 _a245 p.
_c19 cm.
041 _aspa
942 _cBK
590 _aniveau_biblio:m niveau_hierar:0
100 1 _aCrozier, Michel
700 1 _aPrats i Catalá, Joan
999 _c7754
_d7754